Movies Quiz

Random Movies Quiz

Stan Lee Cameos 08-13 Quiz Stats

 Plays Quiz not verified by Sporcle

Support Sporcle.
Go Orange.
Score 0/9 Timer 02:00
0 Plays Today
Stan Lee Has A Cameo % Correct
Hero Thought He Was Hugh HefnerIron Man
95.4%
Old Man Dismissing Super Heroes In New YorkThe Avengers
87.7%
A USA GeneralCaptain America
86.9%
Hero Thought He Was Larry KingIron Man 2
86.2%
Tries To Free Heroes Main WeaponThor
85.4%
Poisoned By Drink Containing Heroes BloodThe Incredible Hulk
83.8%
Beauty Pageant JudgeIron Man 3
80%
Librarian Not Even Noticing Hero Vs VillianThe Amazing Spider-Man
70.8%
Patient At Psychiatric WardThor The Dark World
68.5%

You're not logged in!

Compare scores with friends on all Sporcle quizzes.
OR
Log In

From the Vault

Baseball Movies

by Ben

Take me out to the theater, take me out with the crowd...
Remove Ads.
Support Sporcle.
Get the best of Sporcle when you Go Orange. This ad-free experience offers more features, more stats, and more fun while also helping to support Sporcle. Thank you for becoming a member.

Show Comments

Extras

Created Sep 15, 2013ReportNominate
Tags:Marvel Movie

Top Quizzes Today


Score Distribution

Your Account Isn't Verified!

In order to create a playlist on Sporcle, you need to verify the email address you used during registration. Go to your Sporcle Settings to finish the process.

Report this User

Report this user for behavior that violates our Community Guidelines.

Details: